000 00288nam a2200109Ia 4500
008 200302s9999 xx 000 0 und d
100 _aAvi Friedman
245 _aThe Nature of place A Search for authenticity
260 _bPrinceton Architectural Press
260 _c2012
300 _a191 P.,
999 _c4169
_d4169